The textual tradition of Plato's Timaeus and Critias /
In The Textual Tradition of Plato's Timaeus and Critias, Gijsbert Jonkers provides new insights into the extant ancient and medieval evidence for the text of both Platonic dialogues. The discussions are set in the broader context of examinations in recent decades of the textual traditions of ot...
المؤلف الرئيسي:
التنسيق: كتاب الكتروني
اللغة: English
منشور في:
Leiden ; Boston :
Brill,
2017.
سلاسل:
Mnemosyne, Supplements
400.
Mnemosyne Supplements Online, Volumes 204-407, ISBN: 9789004322288.
الموضوعات:
الوصول للمادة أونلاين: Login to view Source
الوسوم: إضافة وسم
رقم الطلب: B387
| LEADER | 02891cam a2200505Ii 4500 | ||
|---|---|---|---|
| 001 | BRILL9789004335202 | ||
| 003 | nllekb | ||
| 005 | 20230529210142.0 | ||
| 006 | m d | ||
| 007 | cr un uuuua | ||
| 008 | 160915s2017 ne sb 001 0 eng d | ||
| 010 | |a 2016042744 | ||
| 020 | |a 9789004335202 |q (electronic book) | ||
| 020 | |z 9789004325913 |q (print) | ||
| 024 | 7 | |a 10.1163/9789004335202 |2 DOI | |
| 035 | |a 2016042744 |6 ORIG | ||
| 040 | |a NL-LeKB |c NL-LeKB |e rda | ||
| 050 | 4 | |a B387 | |
| 072 | 7 | |a DSBB |2 bicssc | |
| 072 | 7 | |a LIT011000 |2 bisacsh | |
| 082 | 0 | 4 | |a 184 |2 23 |
| 100 | 1 | |a Jonkers, Gijsbert. | |
| 245 | 1 | 4 | |a The textual tradition of Plato's Timaeus and Critias / |c by Gijsbert Jonkers. |
| 264 | 1 | |a Leiden ; |a Boston : |b Brill, |c 2017. | |
| 300 | |a 1 online resource. | ||
| 336 | |a text |b txt |2 rdacontent | ||
| 337 | |a computer |b c |2 rdamedia | ||
| 338 | |a online resource |2 rdacarrier | ||
| 490 | 0 | |a Mnemosyne supplements ; |v v. 400 | |
| 504 | |a Includes bibliographical references and index. | ||
| 505 | 0 | 0 | |a Front Matter -- Method of Research -- Status Quaestionis -- Description of Manuscripts -- The Primary Manuscripts of the Timaeus -- The Secondary Manuscripts of the Timaeus -- The Manuscripts of the Critias -- The First Printed Editions of the Timaeus and Critias -- Two Papyrus Fragments -- The Greek, Latin, Armenian and Arabic Tradition -- Index Testimoniorum -- Index Auctorum Platonis Timaeum vel Critiam Laudantium -- Bibliography -- Index Locorum Potiorum. |
| 506 | |a Available to subscribing member institutions only. | ||
| 520 | |a In The Textual Tradition of Plato's Timaeus and Critias, Gijsbert Jonkers provides new insights into the extant ancient and medieval evidence for the text of both Platonic dialogues. The discussions are set in the broader context of examinations in recent decades of the textual traditions of other individual Platonic works. Particularly the vast collection of testimonia of the Timaeus , one of Plato's most read, interpreted and discussed dialogues of all times, will be of interest for students of ancient philosophy, science and philology. | ||
| 559 | 4 | |a B387 | |
| 588 | |a Description based on print version record and CIP data provided by publisher; resource not viewed. | ||
| 600 | 0 | 0 | |a Plato. |t Timaeus. |
| 600 | 0 | 0 | |a Plato. |t Critias. |
| 600 | 0 | 0 | |a Plato |x Manuscripts. |
| 776 | 0 | 8 | |i Print version: |a Jonkers, Gijsbert, author. |t Textual tradition of Plato's Timaeus and Critias |d Leiden ; Boston : Brill, 2017 |z 9789004325913 |w (DLC) 2016041643 |
| 830 | 0 | |a Mnemosyne, Supplements |v 400. | |
| 830 | 0 | |a Mnemosyne Supplements Online, Volumes 204-407, ISBN: 9789004322288. | |
| 856 | 4 | |z DOI: |u http://dx.doi.org/10.1163/9789004335202 | |
| 942 | |2 lcc |c EBOOK | ||
| 952 | |0 0 |1 0 |2 lcc |4 0 |6 B0387 |7 1 |9 47786 |a BRILL |b BRILL |d 2023-05-29 |l 0 |o B387 |r 2023-05-29 00:00:00 |w 2023-05-29 |y EBOOK | ||
| 999 | |c 53130 |d 53130 | ||
